000
00314nam a2200121Ia 4500
008
190216s9999||||xx |||||||||||||| ||und||
100
_a
Acharya Paramanand Prabhakar
245
0
_a
Hindi-Samskrith Sikshana Ki Adhunik Vidhiyam
260
_b
Lok Siksha Manch
_c
2011
300
_a
127
650
_a
Hindi
942
_c
BK
999
_c
16754
_d
16754